000
00270nam a22001217a 4500
008
230704b xxu||||| |||| 00| 0 eng d
020
_a
9966941452
082
_a
362.2
_b
MAC 2002
245
_a
The Tobacco Atlas
260
_b
WHO
_c
2002
300
_a
128p
942
_2
ddc
_c
BK
999
_c
3953
_d
3953